Η γενεαλογία της ηθικής

Αποθηκεύτηκε σε:
Λεπτομέρειες βιβλιογραφικής εγγραφής
Κύριος συγγραφέας: Nietzsche, Friedrich Wilhelm, 1844-1900
Άλλοι συγγραφείς: Ζωγράφου, Μίνα (Μεταφραστής)
Μορφή: Βιβλίο
Γλώσσα:Greek
Δημοσίευση: Αθήνα : Μαρής, [19--?]
Θέματα:
Ετικέτες: Προσθήκη ετικέτας
Δεν υπάρχουν, Καταχωρήστε ετικέτα πρώτοι!

MARC

LEADER 00000cam a2200000 i 4500
001 1/84910
008 050906q19701980 gre d
035 |l 10080140 
040 |a GR-MY-UA  |b gre  |e aacr 
041 0 |a gre 
082 0 |a 170  |2 (22) 
100 1 |a Nietzsche, Friedrich Wilhelm,   |d 1844-1900. 
245 1 2 |a Η γενεαλογία της ηθικής /  |c Φρ. Νίτσε ; μετάφραση Μίνας Ζωγράφου 
260 |a Αθήνα :   |b Μαρής,   |c [19--?] 
300 |a 166 σ.;  |c 22 εκ. 
500 |a Με: Τάδε έφη Ζαρατούστρας / Φρειδερίκου Νίτσε 
650 0 0 |a Ethics. 
700 1 |a Ζωγράφου, Μίνα.  |4 trl 
852 |a INST  |b RHODES  |c KRI  |e 20050906  |h  170 ΝΙΕ  |p 005400022604  |q 005400022604  |t BK  |y 0 
901 |a BIBL4-2005-3 
909 |a Ρ  |b 122222 
922 |a 4ΕΛΗ 
970 |a ΣΙΔΕΡΗ  |b ΝΕΚΤΑΡΙΑ  |z 2005/09/06